000 00673nam a22001935i 4500
001 170183
003 ES-MaACL
005 20230906214319.0
008 090210s1876 fr |||| | fre d
080 _a78.085.5
100 1 _aBarbier, Jules.
_925457
245 1 0 _aSylvia ou la nymphe de Diane
_b: ballet en deux actes, quatre tableaux /
_cpar Jules Barbier et Mérante ; musique de Léo Delibes.
260 _aParis :
_bCalman Lévy,
_c1876.
300 _a28 p. ;
_c19 cm.
650 1 4 _aBallets.
_9139399
700 1 _aMérante, Louis.
_9139401
700 1 _aDelibes, Léo.
_9126744
852 _aES-MaACL
_j2247-F-5
_9R.141009
_z.- Biblioteca Jacinto Martínez Lacalle
999 _c170183
_d170183